LEADER 01280nam a2200277 a 4500 001 000000121130 003 CaOOAMICUS 005 20100409154526.0 008 100409t2010 it u000 u ita r 040 $aPUL$bita$dReb 082 04$a346.45 110 1 $aItalia.$0(OLS)http://pul/name/1188 245 10$aCodice della separazione e del divorzio :$bcommentato con dottrina e giurisprudenza /$ca cura di Franco Anelli, Domenico Borghesi. 260 $aPiacenza :$bLa Tribuna,$cİ2010. 300 $axxi, 934 p. ;$c25 cm. 490 1 $aTribuna Major 650 4$aDivorzio$xDiritto e legislazione.$0(OLS)http://pul/subject/27066 700 1 $aAnelli, Franco,$d1963-2024.$0(OLS)http://pul/name/66343 700 1 $aBorghesi, Domenico.$0(OLS)http://pul/name/32615 830 0$aTribuna Major.$0(OLS)http://pul/title/104665 850 $aPUL 852 $aPUL$W1$xSL Diritto e Scienze Sociali 3$y79$m348. 45 COD 3.3.2$j138891$qDDC 21$B138130$CPULBib$Z2$F138130 $H112591 $82 941 1 $a9 996 $6082$a346.45$9(OLS)http://pul/classification/372 996 $6245$aCodice della separazione e del divorzio :$bcommentato con dottrina e giurisprudenza$9(OLS)http://pul/title/152328 996 $6260$aPiacenza :$bLa Tribuna$9(OLS)http://pul/publisher/69734 LEADER 01562nam a2200349 u 4500 001 000000047943 003 CaOOAMICUS 005 20070226114936.0 008 000315s1999 it c u000 u ita u 020 $a8821304124 035 $a10843669 040 $aPUL$bita 245 00$aFede e ragione :$bopposizione, composizione? /$ca cura di Mauro Mantovani, Scaria Thuruthiyil, Mario Toso. 260 $aRoma :$bLAS,$c1999. 300 $a357 p. ;$c24 cm 490 1 $aBiblioteca di scienze religiose (Libreria Ateneo salesiano) ;$v148 504 $aBibliografia in nota. 650 4$aFede e ragione.$0(OLS)http://pul/subject/3185 700 1 $aToso, Mario,$cvesc. di Faenza-Modigliana,$d1950-$0(OLS)http://pul/name/39310 700 1 $aThuruthiyil, Scaria.$0(OLS)http://pul/name/34821 700 1 $aMantovani, Mauro,$cS.D.B.,$d1966-$0(OLS)http://pul/name/34820 830 0$aBiblioteca di scienze religiose (Libreria Ateneo salesiano) ;$v148.$0(OLS)http://pul/title/491 850 $aPUL 852 $aPUL$W1$xSL Religione 2$y84$mTheol A3 148$j63975$nBK-PRI$b $qStampati altre collocazioni$B63975$CPULBib$Z2$F63975 $H $81 941 1 $a10 960 $aRagione e fede$93185 961 $aINV: 81130 983 0$aNuova biblioteca di scienze religiose. 983 0$aBiblioteca di scienze religiose (LAS) 996 $6020$a8821304124$9(OLS)http://pul/number/60072 996 $6245$aFede e ragione :$bopposizione, composizione?$9(OLS)http://pul/title/64542 996 $6260$aRoma :$bLAS$9(OLS)http://pul/publisher/48069